Mixed Word: Games Quiz Stats

 Plays Quiz Updated Oct 14, 2016

Also try: Name the Game
Challenge
Share
Tweet
Embed
Score 0/20 Timer 04:00
8 Plays Today
Hint Answer % Correct
YROSRSorry
97%
OG SIHFGo Fish
96.4%
ING YURMMGin Rummy
93.6%
OMUSE RAPTMouse Trap
92.3%
LOD DIMAOld Maid
92.1%
IKRSRisk
91.1%
CYNAD ALDNCandy Land
88.9%
LOYNMPOOMonopoly
84.3%
ONCCENT ROUFConnect Four
81.3%
HNSIEEC RHCEECKSChinese Checkers
75.4%
Hint Answer % Correct
EGLBGOBoggle
73.9%
GEIRDBBridge
70%
SPALPE OT PLSPEAApples to Apples
60.9%
ETRYPT RPTYET SIECPNSRPretty Pretty Princess
50.1%
CBSALBREScrabble
44%
VLRIITA UIUSTRPTrivial Pursuit
40.9%
LASITBETHPBattleship
39.5%
KMCOGMBANABackgammon
38.3%
ANCTSAACanasta
35.5%
LOHNPCIEPinochle
25%

You're not logged in!

Compare scores with friends on all Sporcle quizzes.
OR
Log In

You Might Also Like...

Show Comments

Extras

Top Quizzes Today


Score Distribution

Your Account Isn't Verified!

In order to create a playlist on Sporcle, you need to verify the email address you used during registration. Go to your Sporcle Settings to finish the process.

Report this User

Report this user for behavior that violates our Community Guidelines.

Details: